[Event "SLO-ch U10 Girls"]
[Site "Ptuj"]
[Date "2017.02.28"]
[Round "3"]
[White "Muzel, Ulla"]
[Black "Lajkovic, Lara"]
[Result "1-0"]
[WhiteElo "1500"]
[BlackElo "1503"]
[PlyCount "49"]
[EventDate "2017.02.27"]
[EventType "swiss"]
[EventRounds "9"]
[EventCountry "SLO"]
[SourceTitle "CBM 177 Extra"]
[Source "ChessBase"]
[SourceDate "2017.04.27"]
[SourceVersion "1"]
[SourceVersionDate "2017.04.27"]
[SourceQuality "1"]

1. e4 e5 2. d4 f6 3. dxe5 fxe5 4. Qh5+ g6 5. Qg4 d5 6. Qe2 Nc6 7. exd5 Nd4 8. Qc4 Nf6 9. Bg5 Be7 10. Bxf6 Bxf6 11. Bd3 Bf5 12. Bxf5 gxf5 13. Nf3 e4 14. Nxd4 Qd7 15. 0-0 0-0-0 16. d6 Qxd6 17. Nb5 Qe7 18. g4 fxg4 19. Re1 Bxb2 20. Rxe4 Qg7 21. Qe6+ Rd7 22. Nxa7+ Kd8 23. Qb3 Bxa1 24. Qxb7 c6 25. Qc8# 1-0